| 000 | 00605cam a2200217 4500 | ||
|---|---|---|---|
| 008 | 090401t1996 xxu||||| |||| 00| 0 eng d | ||
| 020 | _a0854068031 | ||
| 035 | _a(Sirsi) u67298 | ||
| 041 | _aeng | ||
| 050 | _a333.0072 | ||
| 090 | _aRICS 1996/102ABCD | ||
| 110 |
_aRoyal Institution of Chartered Surveyors _94900 |
||
| 245 | 4 | _aThe research publications of The Royal Institution of Chartered Surveyors. | |
| 260 |
_aLondon _bRICS _c1996 |
||
| 300 | _a13p. ; 30cm. | ||
| 350 | _a0 | ||
| 650 | _aRICS RESEARCH PAPERS | ||
| 690 | _aPROPERTY LAW AND PRACTICE | ||
| 942 | _n0 | ||
| 948 | _c04/03/1997 | ||
| 999 |
_c94989 _d94989 |
||